Entry Nombre personal
001 - NÚMERO DE CONTROL
- campo de control: 18041
003 - IDENTIFICADOR DE NÚMERO DE CONTROL
- campo de control: SpMaBN
005 - FECHA Y HORA DE LA ÚLTIMA TRANSACCIÓN
- campo de control: 20230528210525.0
008 - ELEMENTOS DE DATO DE LONGITUD-FIJA
- campo de control de longitud fija: 920529n| aijnnaabn |a aaa
016 ## - NÚMERO DE CONTROL DE UNA AGENCIA BIBLIOGRÁFICA NACIONAL
- Número de control del registro: BNE19925148974
024 7# - IDENTIFICADOR DE OTROS ESTÁNDARES
- Número estándar o código: http://viaf.org/viaf/78862639/
- Fuente: viaf
024 7# - IDENTIFICADOR DE OTROS ESTÁNDARES
- Número estándar o código: https://isni.org/isni/000000005921627X
- Fuente: isni
024 7# - IDENTIFICADOR DE OTROS ESTÁNDARES
- Número estándar o código: http://www.wikidata.org/entity/Q15135870
- Fuente: wikidata
040 ## - FUENTE DE CATALOGACIÓN
- Centro catalogador/agencia de origen: SpMaBN
- Lengua de catalogación: spa
- Centro/agencia transcriptor: SpMaBN
- Normas de descripción: rdc
- Convención/Normas de encabezamiento de materia/tesauro: embne
- Centro/agencia modificador: ES-MaACL
046 ## - FECHAS CON CODIFICACIÓN ESPECIAL
- Fecha de nacimiento: 1931
- Fecha de la muerte: 2019
100 1# - ENCABEZAMIENTO-NOMBRE DE PERSONA
- Nombre de persona: Abelenda, Alfonso,
- Fechas asociadas al nombre: 1931-2019
370 ## - LUGAR ASOCIADO
- Lugar de nacimiento: España, Galicia, La Coruña (Provincia), La Coruña
370 ## - LUGAR ASOCIADO
- Lugar de fallecimiento: España, Galicia, La Coruña (Provincia), La Coruña
372 ## - CAMPO DE ACTIVIDAD
- Campo de actividad: Dibujos humorísticos
- Fuente del término: tgfbne
374 ## - OCUPACIÓN
- Ocupación: Dibujantes
- Ocupación: Pintores
375 ## - GÉNERO/SEXO
- Género: Masculino
400 1# - TRAZADO DE VÉASE--NOMBRE DE PERSONA
- Nombre de persona: Abelenda Escudero, Alfonso,
- Fechas asociadas al nombre: 1931-2019
400 1# - TRAZADO DE VÉASE--NOMBRE DE PERSONA
- Nombre de persona: Abelenda,
- Fechas asociadas al nombre: 1931-2019
400 1# - TRAZADO DE VÉASE--NOMBRE DE PERSONA
- Nombre de persona: Abelenda Escudero, Alfonso Pedro,
- Fechas asociadas al nombre: 1931-2019
670 ## - FUENTE DE DATOS ENCONTRADOS
- Cita de la fuente: Rubaiyat, 1992;
- Información encontrada: v. port. (dib. Alfonso Abelenda)
670 ## - FUENTE DE DATOS ENCONTRADOS
- Cita de la fuente: Tan cerca, tan lejos, 2009;
- Información encontrada: port. (Abelenda)
670 ## - FUENTE DE DATOS ENCONTRADOS
- Cita de la fuente: Dic. de pintores y escultores del siglo XX, 1994;
- Información encontrada: (Abelenda Escudero, Alfonso; n. 1931, en La Coruña; pintor, caricaturista e ilustrador)
670 ## - FUENTE DE DATOS ENCONTRADOS
- Cita de la fuente: WWW Wikipedia, 1-7-2020;
- Información encontrada: (Alfonso Abelenda; Alfonso Pedro Abelenda Escudero, conocido como Abelenda; La Coruña, 5 de octubre de 1931-Ibidem, 21 de marzo de 2019; pintor y humorista gráfico)
- Identificador Uniforme de Recursos: https://es.wikipedia.org/wiki/Alfonso_Abelenda
670 ## - FUENTE DE DATOS ENCONTRADOS
- Cita de la fuente: WWW Bn España aut., 28-5-2023;
- Información encontrada: (Abelenda, Alfonso, 1931-2019)
955 ## - CATALOGADOR - EDICIÓN
- Nombre del catalogador: Julia Mas Vieira
